<?xml version="1.0" encoding="UTF-8"?>
<record
    xmlns:xsi="http://www.w3.org/2001/XMLSchema-instance"
    xsi:schemaLocation="http://www.loc.gov/MARC21/slim http://www.loc.gov/standards/marcxml/schema/MARC21slim.xsd"
    xmlns="http://www.loc.gov/MARC21/slim">

  <leader>00896nam a22002297a 4500</leader>
  <controlfield tag="005">20130828095831.0</controlfield>
  <controlfield tag="008">130828b2011    ck ||||| |||| 00| 0 spa d</controlfield>
  <datafield tag="020" ind1=" " ind2=" ">
    <subfield code="a">9789292483289</subfield>
  </datafield>
  <datafield tag="041" ind1=" " ind2=" ">
    <subfield code="a">spa</subfield>
  </datafield>
  <datafield tag="044" ind1=" " ind2=" ">
    <subfield code="a">cr</subfield>
  </datafield>
  <datafield tag="082" ind1=" " ind2=" ">
    <subfield code="a">338.1986</subfield>
    <subfield code="b">I25e</subfield>
  </datafield>
  <datafield tag="245" ind1="1" ind2="0">
    <subfield code="a">Efectos del aumento de los precios internacionales de los alimentos y las materias primas sobre los ingresos netos agr&#xED;colas y la seguridad alimentaria en Colombia</subfield>
  </datafield>
  <datafield tag="260" ind1=" " ind2=" ">
    <subfield code="a">Bogot&#xE1;</subfield>
    <subfield code="b">IICA</subfield>
    <subfield code="b">PMA</subfield>
    <subfield code="c">2011</subfield>
  </datafield>
  <datafield tag="300" ind1=" " ind2=" ">
    <subfield code="a">61 p.</subfield>
    <subfield code="b">il., gr&#xE1;ficas</subfield>
    <subfield code="c">28 cm.</subfield>
    <subfield code="e">CD-ROM</subfield>
  </datafield>
  <datafield tag="650" ind1="6" ind2=" ">
    <subfield code="a">Productos agr&#xED;colas</subfield>
    <subfield code="x">precios</subfield>
    <subfield code="9">1894</subfield>
  </datafield>
  <datafield tag="650" ind1="6" ind2=" ">
    <subfield code="a">Precios del  mercado</subfield>
    <subfield code="9">1895</subfield>
  </datafield>
  <datafield tag="650" ind1="6" ind2=" ">
    <subfield code="a">Productos agr&#xED;colas</subfield>
    <subfield code="9">1896</subfield>
  </datafield>
  <datafield tag="651" ind1=" " ind2=" ">
    <subfield code="a">Seguridad alimentaria</subfield>
    <subfield code="z">Colombia</subfield>
    <subfield code="9">1897</subfield>
  </datafield>
  <datafield tag="710" ind1=" " ind2=" ">
    <subfield code="a">Instituto Interamericano de Cooperaci&#xF3;n para la Agricultura</subfield>
    <subfield code="9">1898</subfield>
  </datafield>
  <datafield tag="710" ind1=" " ind2=" ">
    <subfield code="a">Programa Mundial de Alimentos (PMA) de las Naciones Unidas</subfield>
    <subfield code="9">1899</subfield>
  </datafield>
  <datafield tag="942" ind1=" " ind2=" ">
    <subfield code="2">ddc</subfield>
    <subfield code="c">Impreso</subfield>
  </datafield>
  <datafield tag="999" ind1=" " ind2=" ">
    <subfield code="c">7630</subfield>
    <subfield code="d">7630</subfield>
  </datafield>
  <datafield tag="952" ind1=" " ind2=" ">
    <subfield code="0">0</subfield>
    <subfield code="1">0</subfield>
    <subfield code="2">ddc</subfield>
    <subfield code="4">0</subfield>
    <subfield code="7">0</subfield>
    <subfield code="8">GENERAL</subfield>
    <subfield code="I">INV2017</subfield>
    <subfield code="a">Venado</subfield>
    <subfield code="b">Venado</subfield>
    <subfield code="d">2013-08-28</subfield>
    <subfield code="e">Instituto</subfield>
    <subfield code="g">39000.00</subfield>
    <subfield code="l">0</subfield>
    <subfield code="o">LB-338.1986 I25e</subfield>
    <subfield code="p">058430</subfield>
    <subfield code="r">2013-08-28 00:00:00</subfield>
    <subfield code="t">Ej. 1</subfield>
    <subfield code="w">2013-08-28</subfield>
    <subfield code="x">Donaci&#xF3;n</subfield>
    <subfield code="y">LIBRO</subfield>
  </datafield>
</record>
